American diplomatic and consular practice

Gorde:
Xehetasun bibliografikoak
Egile nagusia: Stuart, Graham H.
Formatua: Liburua
Hizkuntza:Undetermined
Argitaratua: New York D. Appleton- Century Company 1936
Gaiak:
Etiketak: Etiketa erantsi
Etiketarik gabe, Izan zaitez lehena erregistro honi etiketa jartzen!
Thư viện lưu trữ: Trung tâm Học liệu Trường Đại học Cần Thơ
LEADER 00557nam a2200181Ia 4500
001 CTU_86855
008 210402s9999 xx 000 0 und d
082 |a 327.73 
082 |b S931 
100 |a Stuart, Graham H. 
245 0 |a American diplomatic and consular practice 
245 0 |c Graham H. Stuart 
260 |a New York 
260 |b D. Appleton- Century Company 
260 |c 1936 
650 |a United states,Diplomatic and consular service, american,Diplomats,Consuls 
904 |i Trúc 
980 |a Trung tâm Học liệu Trường Đại học Cần Thơ